| 000 | 02910nam0a2200433 4500 | ||
|---|---|---|---|
| 001 | RU\NLR\bibl\803340 | ||
| 005 | 20260405083139.0 | ||
| 021 |
_aRU _b2004-49161 _92421 |
||
| 035 | _aRSL-KNO-002459817 | ||
| 035 | _a(NLR Aleph) 000792496 | ||
| 090 |
_a1130516 _c1130516 |
||
| 100 | _a20040818d2004 |||y0rusy50 ca | ||
| 101 | 0 | _arus | |
| 102 | _aRU | ||
| 105 | _ay ||||||||| | ||
| 106 | _ar | ||
| 200 | 1 |
_aМагистр богословия Виктор Вишневский и его роль в истории старочувашской письменности и литературного языка _fН.П. Петров _gМ-во образования и науки Рос. Федерации, Чуваш. гос. ун-т им. И.Н. Ульянова |
|
| 210 |
_aЧебоксары _cЧуваш. гос. ун-т _d2004 _eТип. ун-та |
||
| 215 |
_a107 с. _d20 |
||
| 320 | _aБиблиогр.: с. 100-103 (63 назв.) | ||
| 606 | 1 |
_aЧувашский язык _xИзучение _xИстория _92000842 _3RU\NLR\auth\661204552 |
|
| 610 | 0 | _aФилологические науки. Художественная литература -- Языкознание -- Тюркские языки -- Булгарская (булгаро-чувашская) группа языков -- Чувашский язык -- История языка -- Общая история языка | |
| 610 | 0 | _aФилологические науки. Художественная литература -- Языкознание -- История языкознания -- Российская Федерация -- до 1917 г. -- Персоналии языковедов -- Вишневский Виктор Петрович (1804-1885) - как языковед -- Исследование и характеристика деятельности | |
| 610 | 0 | _aРелигия -- Христианство -- Православие -- Русская православная церковь -- Вероучение. Богословие -- История православного богословия -- 19 в. -- Персоналии богословов -- Вишневский Виктор Петрович (1804-1885) - богослов | |
| 686 |
_aШ1г(2)1д.Вишневский В.П.-4,0 _2rubbk |
||
| 686 |
_aШ163.51-01,0 _2rubbk |
||
| 686 |
_aЭ372.24-4-350.8Вишневский В.П.,0 _2rubbk |
||
| 686 | _aШ163.51г | ||
| 700 | 1 |
_4070 _8rus _7ca _aПетров _bН. П. _cд-р филол. наук, лингвист _f1929-2008 _gНиколай Петрович _3RU\NLR\auth\7729661 _912690 |
|
| 801 | 0 |
_aRU _bRuMoRKP _c20040818 _grcr |
|
| 801 | 1 |
_aRU _bRuMoRGB _c20040818 |
|
| 801 | 2 |
_aRU _bNLR _c20050524 _gPSBO |
|
| 830 | _aАвт. по кн. | ||
| 852 |
_aNLR _bОНЛ _jЧув./2-4819 |
||
| 942 | _cBOOK | ||
| 980 | _aNB | ||
| 980 | _aNBR | ||